| 000 | 00612nam a2200169Ia 4500 | ||
|---|---|---|---|
| 008 | 150610s9999 xx 000 0 und d | ||
| 020 | _a0 440942500 | ||
| 050 |
_aPZ7 _b.F749Jo 1971 |
||
| 100 | _aForbes, Esther | ||
| 245 |
_aJohnny Tremain / _cwritten by Esther Forbes. |
||
| 260 |
_aNew York : _bBantam Books, _c1971. |
||
| 300 |
_a269pages ; _c18 cm. |
||
| 520 | _aJuvenile fiction. | ||
| 650 |
_a Boston (Mass.) -- History -- Revolution, 1775-1783 _xFiction. |
||
| 650 |
_aUnited States -- History -- Revolution, 1775-1783 _bFiction. |
||
| 650 |
_aUnited States -- History -- Revolution, 1775-1783 _xFiction. |
||
| 999 |
_c287965 _d287965 |
||